000 01092cam a2200133 4500500
005 20260405051036.0
041 _afre
042 _adc
100 1 0 _aCaire-Jabinet,
_eauthor
245 0 0 _aIntroduction à l'historiographie
260 _bArmand Colin,
_c2025.
520 _aHistoire de l’Histoire, l’historiographie analyse la manière dont chaque époque écrit l’Histoire, la comprend et l’utilise. Cet ouvrage permet de comprendre l’évolution du rôle de l’étude de l’histoire en France de la période médiévale à nos jours et présente les plus récentes orientations d’analyse historique : l’histoire comme « roman national », les migrations, le genre dans l’histoire… Un livre indispensable pour découvrir les grands mouvements historiographiques et les grandes figures qui ont marqué la discipline et pour mesurer le poids de l’histoire dans la construction politique et idéologique de la France au fil des siècles.
856 4 1 _uhttps://shs.cairn.info/introduction-a-lhistoriographie--9782200638931?lang=fr&redirect-ssocas=7080
999 _c2174922
_d2174922